000 02412nam a2200673 i 4500
001 56102
003 KOSZ 005
005 20230518094725.0
008 230515s2007 pl a g 000 0 pol
015 _aUWD 2016/36822
020 _a9788360688380
035 _a991049417419705066
035 _a(PL-WaBN)b5256275x-48omnis_nlop
035 _ab5256275x
035 _a(OCoLC)749224163
035 _a(PL)b0000005256275
035 _a(EXLNZ-48OMNIS_NETWORK)9910406907805606
040 _aWA N
_cWA N
_dKOSZ 005/RW
041 1 _apol
_hita
046 _k2004
080 _a069.5(47+57)
080 _a75(4)
080 _a(084.1)
245 0 0 _aMuzeum im. Puszkina, Moskwa /
_c[teksty Lucia Aquino, Alessandra Buccheri, Katia Malatesta, Lucia Mannini, Giovanna Mariucci, Lucia Picchi, Cristina Sirigatti ; tłumaczenie Mateusz Salwa].
260 _aWarszawa :
_bHanski Publishing Services,
_ccopyright 2007.
300 _a141, [1] stron :
_bilustracje kolorowe ;
_c24 cm.
336 _aObraz
_bsti
_2rdacontent
336 _aTekst
_btxt
_2rdacontent
337 _aBez urządzenia pośredniczącego
_bn
_2rdamedia
338 _aWolumin
_bnc
_2rdacarrier
380 _aAlbumy i książki artystyczne
380 _aKsiążki
388 1 _a2001-
490 1 _aWielkie Muzea
500 _aDodatek do gazety Rzeczpospolita.
610 2 7 _aMuzeum Sztuk Pięknych im. A. S. Puszkina (Moskwa)
_2DBN
650 7 _aMuzealnictwo
_2DBN
650 7 _aZbiory muzealne
_2DBN
651 7 _aMoskwa (Rosja)
_2DBN
651 7 _aRosja
_2DBN
655 7 _aAlbum
655 7 _aMalarstwo europejskie
658 _aBibliotekarstwo, archiwistyka, muzealnictwo
658 _aHistoria
658 _aKultura i sztuka
700 1 _aAquino, Lucia
_eAutor
700 1 _aBuccheri, Alessandra
_d(1972- )
_eAutor
700 1 _aMalatesta, Katia
_d(1974- )
_eAutor
700 1 _aMannini, Lucia
_eAutor
700 1 _aMariucci, Giovanna
_eAutor
700 1 _aPicchi, Lucia
_eAutor
700 1 _aSirigatti, Cristina
_eAutor
700 1 _aSalwa, Mateusz
_d(1979- )
_eTłumaczenie
710 2 _aHPS
_4pbl
830 0 _aWielkie Muzea
856 _uhttp://koha.tu.koszalin.pl/cgi-bin/koha/opac-detail.pl?biblionumber=56102
_yKatalog online BPK
942 _2UKD
_cKS
999 _c56102
_d56102